<?xml version="1.0" encoding="UTF-8"?>
<record
    xmlns:xsi="http://www.w3.org/2001/XMLSchema-instance"
    xsi:schemaLocation="http://www.loc.gov/MARC21/slim http://www.loc.gov/standards/marcxml/schema/MARC21slim.xsd"
    xmlns="http://www.loc.gov/MARC21/slim">

  <leader>01783nam a2200337   4500</leader>
  <datafield tag="020" ind1=" " ind2=" ">
    <subfield code="a">0727912623</subfield>
  </datafield>
  <datafield tag="040" ind1=" " ind2=" ">
    <subfield code="c">PAK - NSHS NUST</subfield>
  </datafield>
  <datafield tag="082" ind1="0" ind2=" ">
    <subfield code="a">617.7</subfield>
    <subfield code="b">KHA</subfield>
  </datafield>
  <datafield tag="100" ind1="1" ind2=" ">
    <subfield code="a">Khaw, Peng Tee </subfield>
    <subfield code="9">133418</subfield>
  </datafield>
  <datafield tag="245" ind1="0" ind2=" ">
    <subfield code="a">ABC of eyes /</subfield>
    <subfield code="c">Peng Tee Khaw.</subfield>
  </datafield>
  <datafield tag="250" ind1=" " ind2=" ">
    <subfield code="a">3rd Edition.</subfield>
  </datafield>
  <datafield tag="260" ind1="3" ind2=" ">
    <subfield code="a">London: </subfield>
    <subfield code="b">BMJ Books,</subfield>
    <subfield code="c">1991.</subfield>
  </datafield>
  <datafield tag="300" ind1=" " ind2=" ">
    <subfield code="a">61 pages;</subfield>
    <subfield code="b">illustrations:</subfield>
    <subfield code="c">29.5 cm.</subfield>
  </datafield>
  <datafield tag="440" ind1=" " ind2=" ">
    <subfield code="a">ABC of eyes /</subfield>
    <subfield code="9">133419</subfield>
  </datafield>
  <datafield tag="500" ind1=" " ind2=" ">
    <subfield code="a">DC010226</subfield>
  </datafield>
  <datafield tag="520" ind1=" " ind2=" ">
    <subfield code="a">ABC of Eyes is a practical and concise guide to common eye conditions, designed primarily for general practitioners, medical students, and primary care providers. It presents clear explanations of eye anatomy, examination techniques, and the recognition and management of frequently encountered disorders such as conjunctivitis, cataract, glaucoma, age-related macular degeneration, and diabetic retinopathy. The book emphasizes early diagnosis, appropriate referral, and basic treatment principles, using illustrations and clinical photographs to support learning. Its straightforward, case-based approach makes it a useful resource for improving confidence in assessing eye complaints in everyday clinical practice.</subfield>
  </datafield>
  <datafield tag="546" ind1=" " ind2=" ">
    <subfield code="a">In english.</subfield>
  </datafield>
  <datafield tag="600" ind1=" " ind2=" ">
    <subfield code="a">Khaw, Peng Tee </subfield>
    <subfield code="9">133418</subfield>
  </datafield>
  <datafield tag="650" ind1=" " ind2=" ">
    <subfield code="a">Eye</subfield>
    <subfield code="v">Diseases.</subfield>
    <subfield code="9">133921</subfield>
  </datafield>
  <datafield tag="650" ind1=" " ind2=" ">
    <subfield code="a">Ophthalmology.</subfield>
    <subfield code="v">Examination.</subfield>
    <subfield code="9">133922</subfield>
  </datafield>
  <datafield tag="650" ind1=" " ind2=" ">
    <subfield code="a">Eye</subfield>
    <subfield code="9">133900</subfield>
  </datafield>
  <datafield tag="650" ind1=" " ind2=" ">
    <subfield code="a">Eye - - </subfield>
    <subfield code="v">Diseases.</subfield>
    <subfield code="x">Diagnosis.</subfield>
    <subfield code="9">133923</subfield>
  </datafield>
  <datafield tag="650" ind1=" " ind2=" ">
    <subfield code="a">Eye </subfield>
    <subfield code="v">Diseases.</subfield>
    <subfield code="9">133924</subfield>
  </datafield>
  <datafield tag="650" ind1=" " ind2=" ">
    <subfield code="a">Eye Diseases </subfield>
    <subfield code="x">diagnosis.</subfield>
    <subfield code="9">126547</subfield>
  </datafield>
  <datafield tag="650" ind1=" " ind2=" ">
    <subfield code="a">Eye</subfield>
    <subfield code="v">Diseases</subfield>
    <subfield code="x">Therapy.</subfield>
    <subfield code="9">133925</subfield>
  </datafield>
  <datafield tag="650" ind1=" " ind2=" ">
    <subfield code="a">Ophthalmology </subfield>
    <subfield code="v">Handbooks,</subfield>
    <subfield code="x">manuals, etc.</subfield>
    <subfield code="9">133926</subfield>
  </datafield>
  <datafield tag="650" ind1=" " ind2=" ">
    <subfield code="a">Eye - </subfield>
    <subfield code="v">Diseases </subfield>
    <subfield code="x">Treatment.</subfield>
    <subfield code="9">133927</subfield>
  </datafield>
  <datafield tag="700" ind1="1" ind2=" ">
    <subfield code="a">Elkigton, A R </subfield>
    <subfield code="9">133928</subfield>
  </datafield>
  <datafield tag="942" ind1=" " ind2=" ">
    <subfield code="2">ddc</subfield>
    <subfield code="c">BK</subfield>
  </datafield>
  <datafield tag="999" ind1=" " ind2=" ">
    <subfield code="c">616371</subfield>
    <subfield code="d">616371</subfield>
  </datafield>
  <datafield tag="952" ind1=" " ind2=" ">
    <subfield code="0">0</subfield>
    <subfield code="1">0</subfield>
    <subfield code="2">ddc</subfield>
    <subfield code="4">0</subfield>
    <subfield code="7">-2</subfield>
    <subfield code="a">NSHS</subfield>
    <subfield code="b">NSHS</subfield>
    <subfield code="c">GEN</subfield>
    <subfield code="d">2026-04-07</subfield>
    <subfield code="e">Donation.</subfield>
    <subfield code="g">1300.00</subfield>
    <subfield code="l">0</subfield>
    <subfield code="o">617.7 KHA</subfield>
    <subfield code="p">NSHS-2153</subfield>
    <subfield code="r">2026-04-07</subfield>
    <subfield code="v">2600.00</subfield>
    <subfield code="w">2026-04-07</subfield>
    <subfield code="y">BK</subfield>
    <subfield code="z">Donation from Miss Nazia Javed dated 16th Feb 2026.</subfield>
  </datafield>
</record>
